[Event "FICGS W-ch cand fin email"]
[Site "FICGS email"]
[Date "2016.07.29"]
[Round "1"]
[White "Anderson, Peter W"]
[Black "Stromberg, Hakan"]
[Result "1/2-1/2"]
[WhiteElo "2487"]
[BlackElo "2257"]
[PlyCount "79"]
[EventDate "2016.??.??"]
[EventType "match (corr)"]
[EventRounds "8"]
[SourceTitle "Corr 2022"]
[Source "ChessBase"]
[SourceDate "2021.10.24"]
[SourceVersion "1"]
[SourceVersionDate "2021.10.24"]
[SourceQuality "1"]

1. c4 e5 2. Nc3 Nf6 3. Nf3 Nc6 4. e3 Bb4 5. Qc2 Bxc3 6. bxc3 e4 7. Ng5 Qe7 8. f3 exf3 9. Nxf3 0-0 10. Be2 b6 11. d3 Ng4 12. e4 f5 13. Bg5 Qe8 14. exf5 h6 15. Bf4 d6 16. Qd2 Bxf5 17. 0-0 g5 18. Nxg5 hxg5 19. Bxg5 Qg6 20. Bf3 Bxd3 21. Bxc6 Bxf1 22. Bxa8 Bxc4 23. Bd5+ Bxd5 24. Qxd5+ Kh7 25. Bh4 Ne5 26. Bg3 Qd3 27. Qxd3+ Nxd3 28. Rf1 Rc8 29. Rf3 Nc5 30. Bf2 Ne4 31. g4 b5 32. h4 a5 33. Rf7+ Kg8 34. Re7 Nxc3 35. Bd4 Nd5 36. Rg7+ Kf8 37. h5 c5 38. Rh7 Rc7 39. Rh8+ Kf7 40. Rh7+ 1/2-1/2

[Event "FICGS W-ch cand fin email"]
[Site "FICGS email"]
[Date "2016.07.29"]
[Round "7"]
[White "Anderson, Peter W"]
[Black "Stromberg, Hakan"]
[Result "1-0"]
[WhiteElo "2487"]
[BlackElo "2257"]
[PlyCount "61"]
[EventDate "2016.??.??"]
[EventType "match (corr)"]
[EventRounds "8"]
[SourceTitle "Corr 2022"]
[Source "ChessBase"]
[SourceDate "2021.10.24"]
[SourceVersion "1"]
[SourceVersionDate "2021.10.24"]
[SourceQuality "1"]

1. Nf3 Nf6 2. c4 e6 3. g3 d5 4. d4 Be7 5. Bg2 0-0 6. 0-0 dxc4 7. Qc2 a6 8. a4 Bd7 9. Qxc4 Bc6 10. Bf4 Nd5 11. Bd2 Nd7 12. Rc1 a5 13. Nc3 N5f6 14. Qd3 Bb4 15. Qc2 Rc8 16. e3 h6 17. Re1 Bxc3 18. Qxc3 Ra8 19. Rac1 Nb6 20. b3 Ne4 21. Qc2 Nxd2 22. Nxd2 Bxg2 23. Kxg2 c6 24. Red1 Nd5 25. Nc4 Nb4 26. Qe4 Na2 27. Rc2 Nb4 28. Rcd2 Qd5 29. Qf3 Qxf3+ 30. Kxf3 f6 31. g4 1-0

[Event "FICGS W-ch st2 g03 email"]
[Site "FICGS email"]
[Date "2014.12.09"]
[Round "1"]
[White "Stromberg, Hakan"]
[Black "Simashkevitch, Mykola"]
[Result "1/2-1/2"]
[WhiteElo "2174"]
[BlackElo "2136"]
[PlyCount "66"]
[EventDate "2014.??.??"]
[EventType "tourn (corr)"]
[EventRounds "8"]
[SourceTitle "Corr 2022"]
[Source "ChessBase"]
[SourceDate "2021.10.24"]
[SourceVersion "1"]
[SourceVersionDate "2021.10.24"]
[SourceQuality "1"]

1. e4 e5 2. Nf3 Nc6 3. Bb5 Nf6 4. d3 Bc5 5. Bxc6 dxc6 6. Nbd2 Nd7 7. Nc4 f6 8. 0-0 Nf8 9. c3 Be6 10. b3 Qd7 11. d4 exd4 12. cxd4 Be7 13. Be3 Ng6 14. Qc2 0-0 15. Rac1 a5 16. Ne1 f5 17. f3 fxe4 18. fxe4 Rxf1+ 19. Kxf1 b5 20. Nd2 Rf8+ 21. Nef3 c5 22. d5 Bg4 23. Kg1 c6 24. Bxc5 cxd5 25. Bxe7 Qxe7 26. exd5 Nf4 27. Re1 Qa7+ 28. Kf1 Nxd5 29. Qd3 Qc5 30. Re5 Qc1+ 31. Re1 Qc6 32. Re5 Qc1+ 33. Re1 Qc6 1/2-1/2

[Event "FICGS W-ch st1 g03 email"]
[Site "FICGS email"]
[Date "2014.03.03"]
[Round "1"]
[White "Allies, Michael"]
[Black "Stromberg, Hakan"]
[Result "1/2-1/2"]
[WhiteElo "2008"]
[BlackElo "2135"]
[PlyCount "92"]
[EventDate "2014.??.??"]
[EventType "tourn (corr)"]
[EventRounds "8"]
[SourceTitle "Corr 2022"]
[Source "ChessBase"]
[SourceDate "2021.10.24"]
[SourceVersion "1"]
[SourceVersionDate "2021.10.24"]
[SourceQuality "1"]

1. e4 c5 2. Nf3 d6 3. d4 cxd4 4. Nxd4 Nf6 5. Nc3 a6 6. Bc4 e6 7. Bb3 Nbd7 8. Bg5 Nc5 9. 0-0 Be7 10. Re1 0-0 11. f4 Re8 12. Bh4 e5 13. fxe5 dxe5 14. Nf3 b5 15. Qxd8 Bxd8 16. Rad1 Ba5 17. Bxf6 Bxc3 18. bxc3 gxf6 19. Bd5 Ra7 20. c4 Be6 21. Nd2 Rc8 22. Nf1 bxc4 23. Ng3 Kf8 24. Rf1 Nd7 25. Nf5 Rc5 26. Ne3 Rac7 27. a4 Kg7 28. Rb1 Ra5 29. Rb4 Nc5 30. Ra1 Bd7 31. Rxc4 Rxa4 32. Nf5+ Kf8 33. Rcxa4 Bxa4 34. Ra2 Bd7 35. Ra5 Bxf5 36. exf5 Ke7 37. Kf2 Kd6 38. Bf3 Rc8 39. g3 Rb8 40. Ra2 Kc7 41. Ke3 Rb1 42. Bh5 Kb6 43. Bxf7 a5 44. Bg8 h6 45. Bd5 Rd1 46. Rb2+ Kc7 1/2-1/2

[Event "FICGS class A 000147 email"]
[Site "FICGS email"]
[Date "2013.12.30"]
[Round "1"]
[White "Sherwood, Russell"]
[Black "Stromberg, Hakan"]
[Result "1/2-1/2"]
[WhiteElo "2050"]
[BlackElo "2071"]
[PlyCount "65"]
[EventDate "2013.??.??"]
[EventType "tourn (corr)"]
[EventRounds "6"]
[SourceTitle "Corr 2022"]
[Source "ChessBase"]
[SourceDate "2021.10.24"]
[SourceVersion "1"]
[SourceVersionDate "2021.10.24"]
[SourceQuality "1"]

1. e4 c5 2. Nf3 d6 3. d4 cxd4 4. Nxd4 Nf6 5. Nc3 a6 6. Be3 e5 7. Nb3 Be6 8. f3 h5 9. Qd2 Nbd7 10. Nd5 Bxd5 11. exd5 g6 12. Be2 Bg7 13. 0-0 0-0 14. Rac1 e4 15. f4 Ng4 16. Bxg4 hxg4 17. Nd4 Bxd4 18. Bxd4 f5 19. c4 Nc5 20. Bxc5 dxc5 21. d6 Qd7 22. b4 Qc6 23. b5 axb5 24. cxb5 Qb6 25. Qd5+ Kg7 26. Rfd1 Rfd8 27. Kh1 Kh6 28. Rxc5 Rxa2 29. Qe5 e3 30. Qf6 Rd2 31. Qg5+ Kg7 32. Qe7+ Kh6 33. Qg5+ 1/2-1/2

[Event "FICGS W-ch st1 g08 email"]
[Site "FICGS email"]
[Date "2013.07.02"]
[Round "1"]
[White "Almarza Mato, Carlos"]
[Black "Stromberg, Hakan"]
[Result "1/2-1/2"]
[WhiteElo "2073"]
[BlackElo "2046"]
[PlyCount "35"]
[EventDate "2013.??.??"]
[EventType "tourn (corr)"]
[EventRounds "8"]
[SourceTitle "Corr 2022"]
[Source "ChessBase"]
[SourceDate "2021.10.24"]
[SourceVersion "1"]
[SourceVersionDate "2021.10.24"]
[SourceQuality "1"]

1. e4 c5 2. Nf3 d6 3. d4 cxd4 4. Nxd4 Nf6 5. Nc3 a6 6. Be3 e5 7. Nb3 Be6 8. f3 Be7 9. Qd2 0-0 10. 0-0-0 Nbd7 11. g4 b5 12. g5 b4 13. Ne2 Ne8 14. f4 a5 15. f5 a4 16. fxe6 axb3 17. exf7+ Rxf7 18. cxb3 1/2-1/2

[Event "FICGS W-ch st1 g08 email"]
[Site "FICGS email"]
[Date "2013.07.02"]
[Round "1"]
[White "Kuge, Tom"]
[Black "Stromberg, Hakan"]
[Result "0-1"]
[WhiteElo "1606"]
[BlackElo "2046"]
[PlyCount "52"]
[EventDate "2013.??.??"]
[EventType "tourn (corr)"]
[EventRounds "8"]
[SourceTitle "Corr 2022"]
[Source "ChessBase"]
[SourceDate "2021.10.24"]
[SourceVersion "1"]
[SourceVersionDate "2021.10.24"]
[SourceQuality "1"]

1. e4 c5 2. a3 g6 3. b4 Bg7 4. Nc3 b6 5. Bb2 Nc6 6. b5 Nd4 7. Bc4 e6 8. Nf3 Nf6 9. 0-0 Bb7 10. d3 Qc7 11. Rb1 Ng4 12. g3 f5 13. Nxd4 cxd4 14. Ne2 h5 15. Nxd4 h4 16. Qe2 0-0-0 17. Bxe6 Nxh2 18. Bf7 hxg3 19. f4 Nxf1 20. Rxf1 Rh2 21. Qf3 Rdh8 22. Qxg3 Bxd4+ 23. Bxd4 Rh1+ 24. Kf2 Qxc2+ 25. Ke1 Qc1+ 26. Ke2 Qxf1+ 0-1

[Event "FICGS W-ch st1 g08 email"]
[Site "FICGS email"]
[Date "2013.07.02"]
[Round "1"]
[White "Stromberg, Hakan"]
[Black "Pechova, Hana"]
[Result "1-0"]
[WhiteElo "2046"]
[BlackElo "1187"]
[PlyCount "39"]
[EventDate "2013.??.??"]
[EventType "tourn (corr)"]
[EventRounds "8"]
[SourceTitle "Corr 2022"]
[Source "ChessBase"]
[SourceDate "2021.10.24"]
[SourceVersion "1"]
[SourceVersionDate "2021.10.24"]
[SourceQuality "1"]

1. e4 c5 2. Nf3 d6 3. d4 cxd4 4. Nxd4 Nf6 5. Nc3 a6 6. Be3 e5 7. Nb3 Be6 8. f3 Be7 9. Qd2 Nbd7 10. 0-0-0 0-0 11. g4 Qc7 12. Kb1 b5 13. g5 Nh5 14. Ne2 Nc5 15. Nc3 Rac8 16. Nd5 Nxb3 17. cxb3 Qb7 18. Be2 Rfd8 19. Qa5 Bxd5 20. Rxd5 1-0

[Event "FICGS rapid A 000142 email"]
[Site "FICGS email"]
[Date "2013.06.13"]
[Round "1"]
[White "Sorcinelli, Andrea"]
[Black "Stromberg, Hakan"]
[Result "1/2-1/2"]
[WhiteElo "1961"]
[BlackElo "2025"]
[PlyCount "80"]
[EventDate "2013.??.??"]
[EventType "tourn (rapid)"]
[EventRounds "6"]
[SourceTitle "Corr 2022"]
[Source "ChessBase"]
[SourceDate "2021.10.24"]
[SourceVersion "1"]
[SourceVersionDate "2021.10.24"]
[SourceQuality "1"]

1. d4 d5 2. c4 c6 3. Nf3 Nf6 4. Nc3 e6 5. Bg5 Nbd7 6. cxd5 exd5 7. e3 Be7 8. Qc2 Nh5 9. Bxe7 Qxe7 10. Be2 g6 11. 0-0 0-0 12. Rfe1 Ndf6 13. Ne5 Ng7 14. Rac1 Nd7 15. Nd3 Nb6 16. b4 Bf5 17. b5 Ne6 18. Qb3 Bxd3 19. Bxd3 Rfc8 20. Rb1 Rab8 21. a4 Nd7 22. a5 Nf6 23. Be2 Kg7 24. h3 Rd8 25. Na4 Rdc8 26. bxc6 bxc6 27. Qc2 Rb4 28. a6 Rcb8 29. Ra1 Qd6 30. Rec1 Nd8 31. Nc5 Rb2 32. Qd1 Nd7 33. Nd3 R2b6 34. Ra2 Qe7 35. Qa4 Rb3 36. Qa5 R8b6 37. Qe1 Ne6 38. Qd1 Ra3 39. Rac2 Nd8 40. Bg4 Nf6 1/2-1/2

[Event "FICGS rapid A 000142 email"]
[Site "FICGS email"]
[Date "2013.06.13"]
[Round "1"]
[White "Stromberg, Hakan"]
[Black "Cade, Stephen"]
[Result "1/2-1/2"]
[WhiteElo "2025"]
[BlackElo "2071"]
[PlyCount "53"]
[EventDate "2013.??.??"]
[EventType "tourn (rapid)"]
[EventRounds "6"]
[SourceTitle "Corr 2022"]
[Source "ChessBase"]
[SourceDate "2021.10.24"]
[SourceVersion "1"]
[SourceVersionDate "2021.10.24"]
[SourceQuality "1"]

1. e4 c6 2. c4 d5 3. exd5 cxd5 4. cxd5 Nf6 5. Nc3 Nxd5 6. Nf3 Nc6 7. Bb5 e6 8. 0-0 Be7 9. d4 0-0 10. Re1 Bd7 11. Nxd5 exd5 12. Bd2 Bf6 13. Bxc6 Bxc6 14. Ne5 Bxe5 15. dxe5 d4 16. Qg4 Qd5 17. f3 Kh8 18. Rad1 Qxa2 19. Qxd4 Rfd8 20. Qc3 Qe6 21. Bg5 Rxd1 22. Rxd1 Re8 23. Rd8 Rxd8 24. Bxd8 Qd7 25. Bh4 Qd1+ 26. Be1 h6 27. Kf2 1/2-1/2

[Event "FICGS rapid B 000204 email"]
[Site "FICGS email"]
[Date "2013.03.02"]
[Round "1"]
[White "Faust, Dieter"]
[Black "Stromberg, Hakan"]
[Result "0-1"]
[WhiteElo "1824"]
[BlackElo "1880"]
[PlyCount "32"]
[EventDate "2013.??.??"]
[EventType "tourn (rapid)"]
[EventRounds "6"]
[SourceTitle "Corr 2022"]
[Source "ChessBase"]
[SourceDate "2021.10.24"]
[SourceVersion "1"]
[SourceVersionDate "2021.10.24"]
[SourceQuality "1"]

1. d4 d5 2. c4 c6 3. Nf3 Nf6 4. Nc3 e6 5. e3 Nbd7 6. a3 Bd6 7. h3 0-0 8. Bd2 Re8 9. Qc2 h6 10. c5 Bb8 11. Be2 e5 12. b4 e4 13. Nh2 b6 14. 0-0 Qc7 15. f4 exf3 16. Nxf3 Nf8 0-1

[Event "FICGS rapid B 000204 email"]
[Site "FICGS email"]
[Date "2013.03.02"]
[Round "1"]
[White "Sorcinelli, Andrea"]
[Black "Stromberg, Hakan"]
[Result "1/2-1/2"]
[WhiteElo "1867"]
[BlackElo "1880"]
[PlyCount "55"]
[EventDate "2013.??.??"]
[EventType "tourn (rapid)"]
[EventRounds "6"]
[SourceTitle "Corr 2022"]
[Source "ChessBase"]
[SourceDate "2021.10.24"]
[SourceVersion "1"]
[SourceVersionDate "2021.10.24"]
[SourceQuality "1"]

1. e4 d5 2. exd5 Nf6 3. Bb5+ Bd7 4. Be2 Nxd5 5. d4 Bf5 6. Nf3 e6 7. 0-0 Be7 8. c4 Nb4 9. Nc3 Nc2 10. Rb1 0-0 11. Bf4 Bf6 12. d5 Nd4 13. Bd3 Bg4 14. Be4 Nd7 15. h3 Bxf3 16. Bxf3 Nb6 17. dxe6 Nxe6 18. Qc1 Bxc3 19. bxc3 Qh4 20. Be3 Qxc4 21. Bxb7 Rad8 22. Qc2 Nd5 23. Bxd5 Qxd5 24. Rfd1 Qc6 25. Rxd8 Rxd8 26. Bxa7 Nf4 27. f3 Qxc3 28. Qxc3 1/2-1/2

[Event "FICGS rapid B 000204 email"]
[Site "FICGS email"]
[Date "2013.03.02"]
[Round "1"]
[White "Stromberg, Hakan"]
[Black "Toktas, Ibrahim Ugras"]
[Result "1-0"]
[WhiteElo "1880"]
[BlackElo "1800"]
[PlyCount "29"]
[EventDate "2013.??.??"]
[EventType "tourn (rapid)"]
[EventRounds "6"]
[SourceTitle "Corr 2022"]
[Source "ChessBase"]
[SourceDate "2021.10.24"]
[SourceVersion "1"]
[SourceVersionDate "2021.10.24"]
[SourceQuality "1"]

1. e4 c5 2. Nf3 Nc6 3. d4 cxd4 4. Nxd4 Nf6 5. Nc3 e5 6. Ndb5 d6 7. Bg5 a6 8. Na3 b5 9. Bxf6 gxf6 10. Nd5 Bg7 11. c3 Ne7 12. Nxe7 Qxe7 13. Nc2 0-0 14. Ne3 f5 15. exf5 1-0

[Event "FICGS class C 000185 email"]
[Site "FICGS email"]
[Date "2013.02.26"]
[Round "1"]
[White "Stromberg, Hakan"]
[Black "Moreno, Ciro"]
[Result "1-0"]
[WhiteElo "1800"]
[BlackElo "1892"]
[PlyCount "161"]
[EventDate "2013.??.??"]
[EventType "tourn (corr)"]
[EventRounds "1"]
[SourceTitle "Corr 2022"]
[Source "ChessBase"]
[SourceDate "2021.10.24"]
[SourceVersion "1"]
[SourceVersionDate "2021.10.24"]
[SourceQuality "1"]

1. e4 c5 2. Nf3 Nc6 3. d4 cxd4 4. Nxd4 e5 5. Nb5 d6 6. c4 Be6 7. Bd3 Nf6 8. N1c3 a6 9. Na3 Be7 10. Nd5 0-0 11. Be3 Nd7 12. Qd2 h6 13. Nxe7+ Qxe7 14. 0-0 Nc5 15. Rad1 Nxd3 16. Qxd3 Rad8 17. Bb6 Rd7 18. Nc2 f5 19. exf5 Bxf5 20. Qe2 Qg5 21. Ne3 Be6 22. Nd5 h5 23. Qd3 Bf5 24. Qg3 Qxg3 25. hxg3 Be6 26. Rfe1 Kf7 27. Nc3 Bxc4 28. b3 Be6 29. Ne4 Ke7 30. Nxd6 Kf6 31. Ne4+ Kg6 32. f3 Rd5 33. Nc5 Re8 34. Nxb7 Rb8 35. Nc5 Rxb6 36. Nxe6 Rxd1 37. Rxd1 Nb4 38. Nf8+ Kf5 39. Rd7 Nxa2 40. Rxg7 Rxb3 41. Rf7+ Kg5 42. Kh2 Nc1 43. Rc7 Nd3 44. Rc6 Rb7 45. Rd6 Nb4 46. Ng6 a5 47. Nxe5 a4 48. Nc4 Kf5 49. Rh6 Rc7 50. Nd6+ Ke5 51. Nb5 Rc4 52. Rxh5+ Ke6 53. g4 Kf6 54. Nd6 Rc6 55. Ne4+ Kg7 56. Rb5 Nc2 57. Rb7+ Kf8 58. Ra7 a3 59. Kg3 Re6 60. g5 Re7 61. Ra6 Rd7 62. Kf4 Kg7 63. Nf6 Rf7 64. Kg4 Ne3+ 65. Kh3 Rf8 66. Nh5+ Kg8 67. g6 Nd5 68. Rxa3 Nf4+ 69. Nxf4 Rxf4 70. Ra6 Kg7 71. Kg3 Rb4 72. f4 Rb5 73. Kg4 Kh6 74. f5 Rb2 75. g3 Rc2 76. Rf6 Rc4+ 77. Kh3 Rc7 78. Rf7 Rxf7 79. gxf7 Kg7 80. g4 Kxf7 81. g5 1-0

[Event "FICGS class C 000182 email"]
[Site "FICGS email"]
[Date "2012.11.14"]
[Round "1"]
[White "Stromberg, Hakan"]
[Black "Jabot, Daniel"]
[Result "1-0"]
[WhiteElo "1800"]
[BlackElo "1906"]
[PlyCount "85"]
[EventDate "2012.??.??"]
[EventType "tourn (corr)"]
[EventRounds "1"]
[SourceTitle "Corr 2022"]
[Source "ChessBase"]
[SourceDate "2021.10.24"]
[SourceVersion "1"]
[SourceVersionDate "2021.10.24"]
[SourceQuality "1"]

1. e4 c5 2. Nc3 d6 3. f4 g6 4. Nf3 Bg7 5. Bc4 Nc6 6. 0-0 Nf6 7. d3 0-0 8. Qe1 e6 9. Bb3 Na5 10. e5 Ne8 11. Be3 Nxb3 12. axb3 b6 13. d4 cxd4 14. Bxd4 Bb7 15. Ne4 dxe5 16. fxe5 Qd5 17. Nf6+ Bxf6 18. exf6 Nd6 19. c4 Qh5 20. Ne5 Rfd8 21. Bc3 Nf5 22. Rf2 Nd4 23. b4 Nc6 24. Nxc6 Bxc6 25. Rd2 a5 26. b5 Bb7 27. Rad1 Rxd2 28. Qxd2 h6 29. h3 a4 30. Re1 Qc5+ 31. Kh2 Qg5 32. Qxg5 hxg5 33. Rd1 Be4 34. Rd4 Bc2 35. Rd6 Rc8 36. Rxb6 Be4 37. Ra6 Rxc4 38. b6 a3 39. Rxa3 Rc5 40. Ra4 Bd5 41. Kg3 Rb5 42. Rb4 Rxb4 43. Bxb4 1-0

[Event "FICGS class C 000182 email"]
[Site "FICGS email"]
[Date "2012.11.14"]
[Round "1"]
[White "Stromberg, Hakan"]
[Black "Puzanov, Vasyl"]
[Result "1-0"]
[WhiteElo "1800"]
[BlackElo "1752"]
[PlyCount "25"]
[EventDate "2012.??.??"]
[EventType "tourn (corr)"]
[EventRounds "1"]
[SourceTitle "Corr 2022"]
[Source "ChessBase"]
[SourceDate "2021.10.24"]
[SourceVersion "1"]
[SourceVersionDate "2021.10.24"]
[SourceQuality "1"]

1. e4 c5 2. Nc3 Nc6 3. f4 e6 4. Nf3 d5 5. Bb5 Nge7 6. exd5 exd5 7. Qe2 g6 8. 0-0 Bg7 9. Bxc6+ bxc6 10. Qf2 c4 11. b3 Ba6 12. Re1 0-0 13. Ba3 1-0